000 00603nam a2200193 a 4500
001 000010488
005 20240412074219.0
008 091007t1987 dr 000 p spa d
040 _aDO-SdBNP
_bspa
_cBNPHU
082 _aRD861.44
_bL817m
100 1 _aLockward Pérez, Jorge Alfonso,
_d1937-2001.
_92059
245 1 0 _aMirtos /
_cAlfonso Lockward.
260 _aSanto Domingo :
_bEducativa Dominicana,
_c1987.
300 _a168 p. ;
_c22 cm.
590 _aInventariado, 2018/LP
650 0 _aPoesía dominicana
_966
650 0 _aLiteratura dominicana.
_967
910 _aValidado. Control de calidad EMS.
999 _c10247
_d10247